| 000 | 01186 a2200229 4500 | ||
|---|---|---|---|
| 001 | 41192 | ||
| 005 | 20260407155706.0 | ||
| 008 | 260407a2005 arg spa d | ||
| 003 | AR-UNSa-BCEJYS | ||
| 040 |
_aAR-UNSa-BCEJYS _bspa _cAR-UNSa-BCEJYS |
||
| 080 |
_a347.72 _xSociedades comerciales |
||
| 245 | 1 | 0 | _aNuevas perspectivas en el derecho societario y el anteproyecto de reforma a la Ley de Sociedades Comerciales |
| 020 | _a950-894-493-5 | ||
| 264 | 1 |
_aBuenos Aires : _bAD-HOC _c2005 |
|
| 300 |
_a677 p. _c23 cm. |
||
| 505 | _a1. Hacia un nuevo concepto de sociedad comercial - 2. Atipicidad. Sustitución del régimen de irregularidad societaria - 3. Método de resolución de conflictos societarios. Acciones judiciales y medidas cauterales - 4. Aportes, documentación y contabilidad - 5. Sociedades constituidas en el extranjero - 6. Obligaciones, deberes y responsabilidades de socios, administradores y síndicos. El comité de auditoría - 7. Los grupos societarios - 8. Otras cuestiones contempladas por el anteproyecto | ||
| 041 | _aspa | ||
| 942 | _cBK | ||
| 590 | _aniveau_biblio:m niveau_hierar:0 | ||
| 100 | 1 | _aVítolo, Daniel Roque | |
| 700 | 1 | _aPardini, Marta G. | |
| 999 |
_c3412 _d3412 |
||